000 01335nam a22004817a 4500
005 20250610142517.0
008 181130b2015 xxu||||| |||| 00| 0 spa d
020 _a9786076223611
041 _aspa
082 _a658.404 AD221e
100 _aAdán Micó, Pablo
_950955
100 _aGonzález López, Arturo
_950956
245 _aEmprender con éxito: 10 claves para generar modelos de negocio
260 _aMéxico
260 _bAlfaomega
260 _c2015
300 _a209 páginas
490 _aDirección y Administración de Empresas
650 _aGERENCIA DE PROYECTOS
650 _aEMPRENDEDURISMO
650 _aEMPRENDEDOR
650 _aMARCA PERSONAL
650 _aTÉCNICAS PARA EL DESARROLLO DEL PENSAMIENTO CREATIVO
650 _aCREATIVIDAD
650 _aVIABILIDAD DEL NEGOCIO
650 _aMERCADO
650 _aCOMPETENCIA
650 _aMATRIZ FODA
650 _aFINANCIACIÓN
650 _aPLAN DE MARKETING
650 _aPLAN DE NEGOCIO
650 _aÉXITO
650 _aPRESENTACIÓN DEL PROYECTO
650 _aFÓRMULAS JURÍDICAS
650 _aESTRUCTURA LEGAL
650 _aSOCIEDADES MERCANTILES
650 _aFRANQUICIAS
650 _aPATENTES
650 _aMARCAS
650 _aDERECHOS DE AUTOR
650 _aAPOYO DE EMPRENDEDORES
942 _cBK
_2ddc
999 _c11391
_d11391